Ze zasedání výboru České farmaceutické společnosti

Bibliographic Details
Main Author: Komárek, Pavel, 1944-2019 (Author)
Format: Article
Language:Slovak
Czech
ISSN:1210-7816
Subjects:

MARC

LEADER 00000nab a2200000 a 4500
001 vtls000582340
003 SK-MaSNL
005 20260304100055.0
008 250425c1995 xo 0 slo
015 |a SNBRB19rr/mm-uuuuu 
035 |a CL0582479 
035 |a urn:nbn:sk:snk-abak8d 
035 |a (urnnbn)urn:nbn:sk:snk:ar-007vh6 
035 |a (uuid)d66a9137-f16b-4bb7-b6ab-b57268cfb2ea 
040 |a SNKBUCL  |b slo  |c SNKBUCL  |e AACR2 
041 0 |a cze 
044 |a xo  |c SK 
080 |a 615:061.22(437.1/.2):061.3  |2 1981 
100 1 |a Komárek, Pavel,  |d 1944-2019  |4 aut  |9 230119 
245 1 0 |a Ze zasedání výboru České farmaceutické společnosti  |c Pavel Komárek 
610 2 7 |a Česká farmaceutická společnost  |2 snkbucl  |9 230118 
655 7 |a články z novín a časopisov  |2 snkbucl  |9 267496 
773 0 |t Česká a slovenská farmacie  |g Roč. 44, č. 3 (1995), s. 174-175  |x 1210-7816 
850 |a Slovenská národná knižnica 
852 |a Slovenská národná knižnica 
954 |a odborná, vedecká literatúra cudzojazyčná (svetová)  |2 lita 
958 |a article14 
958 |a OND 
958 |a RK 
958 |a MI 
958 |a CZ 
958 |a NX 
958 |a EUIPO 
992 |a RBX 
999 |c 2835813  |d 2837743